Người tù khổ sai = Papillon

Uloženo v:
Podrobná bibliografie
Hlavní autor: Henri Charrière
Médium: Kniha
Jazyk:Undetermined
Vydáno: Hà Nội Hội Nhà Văn 1999
Témata:
Tagy: Přidat tag
Žádné tagy, Buďte první, kdo otaguje tento záznam!
Thư viện lưu trữ: Trung tâm Học liệu Trường Đại học Cần Thơ
LEADER 00576nam a2200181Ia 4500
001 CTU_34437
008 210402s9999 xx 000 0 und d
082 |a 843.91 
082 |b C485 
100 |a Henri Charrière 
245 0 |a Người tù khổ sai 
245 0 |b = Papillon 
245 0 |c Henri Charrière, Dương Linh, Nguyễn Đức Mưu 
260 |a Hà Nội 
260 |b Hội Nhà Văn 
260 |c 1999 
650 |a french fiction - 20th century,french literature - 20th century 
980 |a Trung tâm Học liệu Trường Đại học Cần Thơ